Dziadek do Orzechów /
שמור ב:
| מחבר ראשי: | |
|---|---|
| מחבר תאגידי: | |
| מחברים אחרים: | , , |
| פורמט: | ספר |
| שפה: | פולנית גרמנית |
| יצא לאור: |
Warszawa :
"Nasza Księgarnia",
1987
|
| מהדורה: | [Wyd. 8]. |
| תגים: |
אין תגיות, היה/י הראשונ/ה לתייג את הרשומה!
|
MARC
| LEADER | 00000nam a2200000 i 4500 | ||
|---|---|---|---|
| 001 | 9910062666705606 | ||
| 005 | 20260515140225.0 | ||
| 008 | 981023s1987 pl a |000 1 pol | ||
| 020 | |a 8310087926 | ||
| 020 | |a 8310087934 | ||
| 035 | |a 991007252859705066 | ||
| 035 | |a (PL-WaBN)b11883522-48omnis_nlop | ||
| 035 | |a b11883522 | ||
| 035 | |a (OCoLC)69636526 | ||
| 035 | |a zz2004990402 | ||
| 035 | |a (PL)b0000001188352 | ||
| 040 | |a WA N |c WA N |d KR U |d WA N | ||
| 041 | 1 | |a pol |h ger | |
| 080 | |a 830-93 | ||
| 080 | |a B/II | ||
| 090 | |c 42 |d 41 | ||
| 100 | 1 | |a Hoffmann, E. T. A. |d (1776-1822) | |
| 240 | 1 | 0 | |a Nussknacker und Mäusekönig |l (pol.) |
| 245 | 1 | 0 | |a Dziadek do Orzechów / |c E. T. A. Hoffmann ; na podstawie tł. [z niem.] Józefa Kramsztyka ; oprac. Krystyna Kuliczkowska ; il. Jan Marcin Szancer. |
| 246 | 1 | |i Tyt. oryg.: |a Nussknacker und Mäusekönig | |
| 250 | |a [Wyd. 8]. | ||
| 260 | |a Warszawa : |b "Nasza Księgarnia", |c 1987 |e (Łódź : |f ŁZG). | ||
| 300 | |a 77, [3] s. : |b rys. (w tym kolor.) ; |c 24 cm. | ||
| 700 | 1 | |a Kramsztyk, Józef |d (1890-1932) |e Tłumaczenie | |
| 700 | 1 | |a Kuliczkowska, Krystyna |d (1912-1986) |e Opracowanie | |
| 700 | 1 | |a Szancer, Jan Marcin |d (1902-1973) |e Ilustracje | |
| 710 | 2 | |a Wydawnictwo "Nasza Księgarnia" | |
| 920 | |a 83-10-08792-6 (opr.) zł 260 | ||
| 920 | |a 83-10-08793-4 (brosz.) zł 260 | ||
| 942 | |c K | ||
| 952 | |0 0 |1 0 |4 0 |6 R__22_000000000000000 |7 0 |9 40 |a RYT |b RYT |d 2026-03-17 |e 1/2026 |g 10.00 |l 0 |o R.22 |p 2000000000220 |r 2026-05-15 14:02:25 |w 2026-05-15 |y BK |z da | ||
| 999 | |c 40 |d 40 | ||